00302nam a2200121Ia 4500008004100000100001500041245003900056260003400095300000900129650001800138942000700156999001700163190216s9999||||xx |||||||||||||| ||und|| aMcmordie W 0aEnglish Idioms And How To Use Them bOxford University Pressc1971 a349p aEnglish Story cBK c12361d12361